[Event "MMK 2013 - OPEN"]
[Site "ul.Reymonta 22 - Krakow"]
[Date "2013.08.10"]
[Round "3.26"]
[White "Razny, Pawel"]
[Black "Jedras, Piotr"]
[Result "0-1"]
[WhiteElo "1604"]
[BlackElo "2008"]
[PlyCount "46"]
[EventDate "2013.??.??"]

1. Nf3 c5 2. c4 Nc6 3. g3 g6 4. Bg2 Bg7 5. O-O e5 6. Nc3 Nge7 7. d3 O-O 8. Ne1
d6 9. Nc2 Be6 10. Rb1 d5 11. cxd5 Nxd5 12. Ne4 b6 13. Ng5 Bc8 14. Ne3 Nxe3 15.
Bxe3 Bd7 16. Qd2 Rc8 17. Nf3 Be6 18. b3 Bd5 19. Bh6 Bxf3 20. Bxf3 Nd4 21. Bg2
Bxh6 22. Qxh6 Nxe2+ 23. Kh1 Qxd3 0-1

[Event "MMK 2013 - OPEN"]
[Site "ul.Reymonta 22 - Krakow"]
[Date "2013.08.10"]
[Round "3.27"]
[White "Corti, Massimo"]
[Black "Kyrychenko, Maryan"]
[Result "1-0"]
[WhiteElo "2008"]
[BlackElo "1711"]
[PlyCount "75"]
[EventDate "2013.??.??"]

1. d4 f5 2. c4 Nf6 3. Nf3 g6 4. g3 Bg7 5. Bg2 O-O 6. O-O d6 7. b3 Qe8 8. Bb2 a5
9. Qc2 Na6 10. a3 c6 11. Nbd2 Nc7 12. Rfe1 Bd7 13. Rac1 Rc8 14. e4 Bh6 15. e5
Ne4 16. exd6 Nxd6 17. Rcd1 Nf7 18. Ne5 Nxe5 19. Rxe5 b6 20. Rde1 e6 21. f4 Bg7
22. R5e2 Qe7 23. Nf3 Qf7 24. Ne5 Bxe5 25. Rxe5 Rfd8 26. R5e2 Be8 27. Qc3 Qf6
28. Qe3 Qf7 29. Rd2 Rb8 30. d5 exd5 31. Qe5 Kf8 32. cxd5 Nxd5 33. Bxd5 cxd5 34.
Qh8+ Qg8 35. Qe5 Rb7 36. a4 Qf7 37. Qh8+ Qg8 38. Qf6+ 1-0

[Event "MMK 2013 - OPEN"]
[Site "ul.Reymonta 22 - Krakow"]
[Date "2013.08.11"]
[Round "4.1"]
[White "Lach, Aleksandra"]
[Black "Barski, Radoslaw"]
[Result "0-1"]
[WhiteElo "2161"]
[BlackElo "2268"]
[PlyCount "76"]
[EventDate "2013.??.??"]

1. e4 c5 2. Nf3 d6 3. d4 cxd4 4. Nxd4 Nf6 5. Nc3 a6 6. Bg5 e6 7. f4 h6 8. Bh4
Be7 9. Qf3 Qc7 10. O-O-O Nbd7 11. Be2 Rb8 12. Qg3 b5 13. Bxf6 Bxf6 14. e5 dxe5
15. f5 Bg5+ 16. Kb1 O-O 17. fxe6 Nf6 18. exf7+ Rxf7 19. Nf3 Bf4 20. Qg6 b4 21.
Na4 Bd7 22. b3 Bxa4 23. bxa4 e4 24. Nd4 Be5 25. Nf5 Kf8 26. Rd4 Bxd4 27. Nxd4
Rb6 28. Qf5 Qd7 29. Qc5+ Qd6 30. Qc8+ Ne8 31. Rd1 Qe5 32. Bc4 Rff6 33. Bb3 Rbd6
34. Qc4 a5 35. a3 e3 36. Ka2 e2 37. Re1 Rxd4 38. Qg8+ Ke7 0-1

[Event "MMK 2013 - OPEN"]
[Site "ul.Reymonta 22 - Krakow"]
[Date "2013.08.11"]
[Round "4.2"]
[White "Janus, Przemyslaw"]
[Black "Gbyl, Andrzej"]
[Result "0-1"]
[WhiteElo "2121"]
[BlackElo "2198"]
[PlyCount "85"]
[EventDate "2013.??.??"]

1. d4 Nf6 2. c4 g6 3. Nc3 Bg7 4. e4 d6 5. f3 O-O 6. Bg5 Nbd7 7. Qd2 c5 8. d5 a6
9. a4 Qa5 10. Ra2 Qb4 11. a5 b6 12. Ra4 Nxe4 13. Qc2 Bxc3+ 14. bxc3 Qxc3+ 15.
Qxc3 Nxc3 16. Ra3 Nxd5 17. cxd5 bxa5 18. Bxe7 Re8 19. Re3 Nf6 20. Re2 Nxd5 21.
Bxd6 Be6 22. Kf2 c4 23. Nh3 Red8 24. Be5 Rac8 25. Nf4 c3 26. Nxe6 c2 27. Re1
fxe6 28. Bxa6 Rc6 29. Bb7 Rc4 30. Ba6 Rc6 31. Be2 Nb4 32. Ra1 Nd3+ 33. Bxd3
Rxd3 34. Ke2 Rd5 35. Bf4 Rc4 36. Be3 e5 37. Rhc1 e4 38. f4 Rc3 39. Ra2 h6 40.
Rcxc2 Rxc2+ 41. Rxc2 g5 42. fxg5 hxg5 43. Rc5 0-1

[Event "MMK 2013 - OPEN"]
[Site "ul.Reymonta 22 - Krakow"]
[Date "2013.08.11"]
[Round "4.3"]
[White "Mucha, Roman"]
[Black "Matviishen, Viktor"]
[Result "0-1"]
[WhiteElo "2190"]
[BlackElo "2070"]
[PlyCount "48"]
[EventDate "2013.??.??"]

1. d4 d5 2. Nf3 Nf6 3. c4 c6 4. e3 Bf5 5. cxd5 cxd5 6. Qb3 Qc7 7. Bb5+ Nbd7 8.
Nc3 e6 9. Bd2 a6 10. Bxd7+ Nxd7 11. Rc1 Qb6 12. Qxb6 Nxb6 13. Ne2 Bd6 14. Ng3
Bg6 15. Nh4 Bd3 16. Bc3 g5 17. Nf3 f6 18. Kd2 Bg6 19. h4 g4 20. Ne1 Nc4+ 21.
Kd1 Nxe3+ 22. Ke2 Nf5 23. Kf1 h5 24. Nd3 b6 {nieczytelne} 0-1

[Event "MMK 2013 - OPEN"]
[Site "ul.Reymonta 22 - Krakow"]
[Date "2013.08.11"]
[Round "4.4"]
[White "Watorek, Marcin"]
[Black "Buscara, Sevan"]
[Result "0-1"]
[WhiteElo "2116"]
[BlackElo "2330"]
[PlyCount "100"]
[EventDate "2013.??.??"]

1. d4 d5 2. c4 c6 3. Nf3 Nf6 4. Nc3 dxc4 5. a4 Bf5 6. e3 e6 7. Bxc4 Bb4 8. O-O
O-O 9. Qe2 Bg4 10. Rd1 Nbd7 11. e4 Re8 12. e5 Nd5 13. Ne4 Bh5 14. Bd2 Be7 15.
a5 h6 16. Be1 Rc8 17. Ba2 Qc7 18. Nc3 Bg6 19. Nxd5 cxd5 20. Bb3 Bc2 21. Rdc1
Bxb3 22. Rxc7 Rxc7 23. Bc3 Bc4 24. Qe3 Nb8 25. Nd2 Bb5 26. Nb3 Na6 27. Qd2 Rec8
28. Rc1 Ba4 29. Na1 Nb4 30. b3 Bb5 31. g3 Bd3 32. Bb2 Be4 33. Rxc7 Rxc7 34. Ba3
Nc6 35. Bd6 Nxd4 36. Kf1 Nf3 37. Qb2 Bd3+ 38. Kg2 Ne1+ 39. Kh3 Bf1+ 40. Kg4 f5+
41. exf6 Bxd6 42. Qb1 h5+ 43. Kxh5 Be2+ 44. Kh4 Nf3+ 45. Kh3 Ng5+ 46. Kh4 gxf6
47. Qg6+ Rg7 48. Qe8+ Bf8 49. g4 Ne4 50. Qxe6+ Kh8 0-1

[Event "MMK 2013 - OPEN"]
[Site "ul.Reymonta 22 - Krakow"]
[Date "2013.08.11"]
[Round "4.5"]
[White "Bus, Konrad"]
[Black "Gola, Karol"]
[Result "1/2-1/2"]
[WhiteElo "2066"]
[BlackElo "2184"]
[PlyCount "49"]
[EventDate "2013.??.??"]

1. c4 e6 2. Nf3 Nf6 3. g3 d5 4. d4 c6 5. Nbd2 Bd6 6. Qc2 Nbd7 7. Bg2 O-O 8. O-O
Re8 9. b3 Qe7 10. Bb2 b6 11. e4 Nxe4 12. Nxe4 dxe4 13. Qxe4 Bb7 14. Ne5 Rac8
15. Rad1 Rc7 16. Qe2 Rd8 17. Rd3 Ba3 18. Rfd1 Bxb2 19. Qxb2 Nxe5 20. dxe5 Rcd7
21. Qe2 h6 22. R1d2 c5 23. Bxb7 Rxd3 24. Rxd3 Rxd3 25. Qxd3 1/2-1/2

[Event "MMK 2013 - OPEN"]
[Site "ul.Reymonta 22 - Krakow"]
[Date "2013.08.11"]
[Round "4.6"]
[White "Mariano, Elia"]
[Black "Madej, Roman"]
[Result "1-0"]
[WhiteElo "2177"]
[BlackElo "1637"]
[PlyCount "57"]
[EventDate "2013.??.??"]

1. d4 d5 2. Nf3 c6 3. Bf4 Nf6 4. e3 e6 5. Nbd2 c5 6. c3 Nc6 7. Bd3 Bd6 8. Ne5
O-O 9. O-O Bxe5 10. Bxe5 Nxe5 11. dxe5 Nd7 12. f4 c4 13. Bc2 Qb6 14. Rf3 Qxb2
15. Rb1 Qxc3 16. Rc1 Qa3 17. Rh3 g6 18. e4 Qc5+ 19. Kh1 b5 20. Nf3 f6 21. exd5
Qxd5 22. Qe1 Bb7 23. Rd1 Qc6 24. Qh4 Rf7 25. Bxg6 Rg7 26. Bxh7+ Kf7 27. Rxd7+
Qxd7 28. Qxf6+ Ke8 29. Bg6+ 1-0

[Event "MMK 2013 - OPEN"]
[Site "ul.Reymonta 22 - Krakow"]
[Date "2013.08.11"]
[Round "4.7"]
[White "Magan Gonzalez, Alberto"]
[Black "Lach, Piotr"]
[Result "0-1"]
[WhiteElo "1861"]
[BlackElo "2166"]
[PlyCount "86"]
[EventDate "2013.??.??"]

1. e4 c5 2. Nf3 d6 3. d4 cxd4 4. Nxd4 Nf6 5. Nc3 a6 6. Bg5 e6 7. f4 h6 8. Bxf6
Qxf6 9. Qd2 g5 10. g3 gxf4 11. gxf4 Qh4+ 12. Qf2 Be7 13. Rg1 Qxf2+ 14. Kxf2 Nc6
15. Nb3 b5 16. a3 Bd8 17. Ke1 Bb7 18. Bd3 Rc8 19. Ke2 Bb6 20. Rg3 Ke7 21. Nd1
Rcg8 22. Ne3 Rxg3 23. hxg3 Rg8 24. Rg1 h5 25. c3 Nb8 26. Nd4 Nd7 27. b4 Nf6 28.
Kf3 Rc8 29. Nd1 Bxd4 30. cxd4 Rc1 31. Rh1 Ra1 32. Nf2 Rxa3 33. Rc1 Kd7 34. Kg2
Rxd3 35. Nxd3 Bxe4+ 36. Kh3 Bxd3 37. Ra1 Nd5 38. Rxa6 f6 39. Ra7+ Kc6 40. Ra6+
Kc7 41. Ra7+ Kb6 42. Rf7 Bf5+ 43. Kh4 Bg4 0-1

[Event "MMK 2013 - OPEN"]
[Site "ul.Reymonta 22 - Krakow"]
[Date "2013.08.11"]
[Round "4.8"]
[White "Marczuk, Dominik"]
[Black "Xylogiannopoulos, Antonios"]
[Result "1/2-1/2"]
[WhiteElo "2049"]
[BlackElo "2146"]
[PlyCount "70"]
[EventDate "2013.??.??"]

1. e4 e5 2. Nf3 Nc6 3. Bc4 Bc5 4. O-O Nf6 5. d3 d6 6. c3 a6 7. Bb3 O-O 8. Nbd2
Ba7 9. h3 Nd7 10. Nc4 Nc5 11. Bc2 f5 12. exf5 Bxf5 13. Ne3 Bg6 14. d4 Ne4 15.
dxe5 dxe5 16. Qxd8 Rfxd8 17. Nh4 Nd2 18. Nxg6 hxg6 19. Rd1 Bxe3 20. fxe3 Nc4
21. Rxd8+ Rxd8 22. Bxg6 Rd1+ 23. Kf2 Nxb2 24. Ke2 Rd6 25. Bc2 Nc4 26. a4 N6a5
27. Rb1 b6 28. h4 Kf7 29. g4 Rd8 30. h5 Kf6 31. Bg6 Kg5 32. e4+ Kxg4 33. h6
gxh6 34. Bxh6 Rh8 35. Rg1+ Kh3 1/2-1/2

[Event "MMK 2013 - OPEN"]
[Site "ul.Reymonta 22 - Krakow"]
[Date "2013.08.11"]
[Round "4.9"]
[White "Jakubiec, Edyta"]
[Black "Chmiel, Marcin"]
[Result "1-0"]
[WhiteElo "2216"]
[BlackElo "2028"]
[PlyCount "63"]
[EventDate "2013.??.??"]

1. e4 g6 2. g3 d5 3. Nc3 dxe4 4. Nxe4 Bg7 5. Bg2 Nd7 6. Qe2 Ngf6 7. Nxf6+ Nxf6
8. Nf3 O-O 9. O-O c5 10. Re1 Be6 11. d3 Re8 12. Bf4 Rc8 13. Be5 Bd5 14. c4 Bc6
15. a3 Nh5 16. d4 cxd4 17. Rad1 Bxe5 18. Qxe5 d3 19. Qc3 Nf6 20. Rxd3 Qc7 21.
Bh3 Rcd8 22. Rxd8 Rxd8 23. Nd4 Be4 24. Nb5 Qb6 25. Qb4 a6 26. Qxe7 Rd2 27. c5
Qxb5 28. Qxf6 Qc6 29. Qf4 Rxb2 30. Qxe4 Qxc5 31. Qf4 b5 32. Qf6 1-0

[Event "MMK 2013 - OPEN"]
[Site "ul.Reymonta 22 - Krakow"]
[Date "2013.08.11"]
[Round "4.10"]
[White "Nester, Ihor"]
[Black "Gawle, Ireneusz"]
[Result "1-0"]
[WhiteElo "2306"]
[BlackElo "1925"]
[PlyCount "57"]
[EventDate "2013.??.??"]

1. Nf3 Nf6 2. c4 g6 3. d4 Bg7 4. g3 d6 5. Bg2 O-O 6. Nc3 Nc6 7. O-O e5 8. d5
Ne7 9. e4 Ne8 10. Ne1 f5 11. Nd3 Nf6 12. Bg5 fxe4 13. Nxe4 Nxe4 14. Bxe4 Bf5
15. Qe2 Bf6 16. Bxf6 Rxf6 17. f4 exf4 18. Nxf4 c5 19. Ne6 Qd7 20. Rf2 h5 21.
Qe3 Kh7 22. Qc3 Rxe6 23. dxe6 Bxe6 24. Re1 Bf5 25. Qf6 Ng8 26. Bxf5 gxf5 27.
Qxf5+ Qxf5 28. Rxf5 Kg6 29. Rd5 1-0

[Event "MMK 2013 - OPEN"]
[Site "ul.Reymonta 22 - Krakow"]
[Date "2013.08.11"]
[Round "4.11"]
[White "Kyc, Jerzy"]
[Black "Polok, Kacper"]
[Result "1-0"]
[WhiteElo "1951"]
[BlackElo "2213"]
[PlyCount "61"]
[EventDate "2013.??.??"]

1. e4 c5 2. Nf3 d6 3. d4 cxd4 4. Nxd4 Nf6 5. Nc3 a6 6. Bg5 Nbd7 7. Bc4 Qa5 8.
Qd2 e6 9. f3 Be7 10. O-O-O Nc5 11. g4 Bd7 12. Nb3 Nxb3+ 13. Bxb3 O-O-O 14. Kb1
Qc5 15. Be3 Qc7 16. Qf2 Rde8 17. Bb6 Qb8 18. Ba7 Qc7 19. Bb6 Qb8 20. Ba7 Qa8
21. e5 dxe5 22. g5 Nd5 23. Bxd5 exd5 24. Nxd5 Bd8 25. Qc5+ Bc6 26. Rd3 Re6 27.
Nb6+ Bxb6 28. Bxb6 Qb8 29. Rhd1 Ree8 30. Qe7 Rxe7 31. Rd8+ 1-0

[Event "MMK 2013 - OPEN"]
[Site "ul.Reymonta 22 - Krakow"]
[Date "2013.08.11"]
[Round "4.12"]
[White "Shilov, Sergej"]
[Black "Lopuszanski, Kamil"]
[Result "1-0"]
[WhiteElo "2206"]
[BlackElo "1879"]
[PlyCount "77"]
[EventDate "2013.??.??"]

1. e4 e5 2. Nc3 Nf6 3. Bc4 Nc6 4. d3 Na5 5. a3 Nxc4 6. dxc4 d6 7. Nf3 Be6 8.
Qe2 Be7 9. h3 Nd7 10. Be3 c6 11. O-O-O f6 12. Nh4 g6 13. c5 dxc5 14. f4 exf4
15. Bxf4 g5 16. e5 f5 17. Qh5+ Kf8 18. Ng6+ Kg8 19. Nxe7+ Qxe7 20. Bxg5 Qf7 21.
Qh4 Nxe5 22. Bh6 Nd7 23. Rhe1 Re8 24. Qg5+ Qg6 25. Rxe6 Rxe6 26. Rxd7 Qxg5+ 27.
Bxg5 h6 28. Bf4 Rh7 29. Rd8+ Kf7 30. Kd2 Ke7 31. Rb8 Kf6 32. Rf8+ Kg6 33. Rd8
b5 34. b4 cxb4 35. axb4 a5 36. bxa5 Ra7 37. Ne2 Rxa5 38. Bc7 Ra1 39. Nf4+ 1-0

[Event "MMK 2013 - OPEN"]
[Site "ul.Reymonta 22 - Krakow"]
[Date "2013.08.11"]
[Round "4.13"]
[White "Kumor, Lukasz"]
[Black "Krajewski, Tomasz"]
[Result "1-0"]
[WhiteElo "2131"]
[BlackElo "1858"]
[PlyCount "33"]
[EventDate "2013.??.??"]

1. e4 c6 2. d4 d5 3. Nc3 dxe4 4. Nxe4 Nf6 5. Nxf6+ exf6 6. c3 Bd6 7. Bd3 O-O 8.
Qc2 Re8+ 9. Ne2 g6 10. h4 Nd7 11. h5 f5 12. hxg6 fxg6 13. Qb3+ Kh8 14. Qf7 Nf8
15. Bh6 Ne6 16. Bf4 Ng7 17. Qxg6 1-0

[Event "MMK 2013 - OPEN"]
[Site "ul.Reymonta 22 - Krakow"]
[Date "2013.08.11"]
[Round "4.14"]
[White "Adamowicz, Katarzyna"]
[Black "Mirski, Michal"]
[Result "1-0"]
[WhiteElo "2112"]
[BlackElo "1864"]
[PlyCount "87"]
[EventDate "2013.??.??"]

1. e4 c5 2. Nf3 d6 3. d4 cxd4 4. Nxd4 Nf6 5. Nc3 Nc6 6. Be2 g6 7. O-O Bg7 8.
Nb3 a6 9. Re1 O-O 10. Bf1 Be6 11. h3 b5 12. Bg5 Ne5 13. Nd5 Bxd5 14. exd5 h6
15. Bh4 Rc8 16. c3 g5 17. Bg3 Nc4 18. Bxc4 bxc4 19. Nd4 Nxd5 20. Nf5 e6 21.
Nxd6 Rc6 22. Ne4 f5 23. Qa4 Qb6 24. Nd2 f4 25. Bh2 Rfc8 26. Qc2 h5 27. Ne4 g4
28. Kh1 e5 29. Rad1 Ne7 30. Ng5 Rg6 31. h4 Bf6 32. Rd7 Bxg5 33. hxg5 Rg7 34.
Rxe5 Ng6 35. Rxg7+ Kxg7 36. Re4 Qd6 37. Qe2 Rc5 38. Rd4 Qc7 39. Qe6 Nf8 40.
Qf6+ Kg8 41. Bxf4 Qh7 42. Rd8 Qg7 43. Qxg7+ Kxg7 44. Rxf8 1-0

[Event "MMK 2013 - OPEN"]
[Site "ul.Reymonta 22 - Krakow"]
[Date "2013.08.11"]
[Round "4.15"]
[White "Slabek, Grzegorz"]
[Black "Cetta, Andrea"]
[Result "1-0"]
[WhiteElo "2056"]
[BlackElo "1847"]
[PlyCount "73"]
[EventDate "2013.??.??"]

1. d4 Nf6 2. Nf3 g6 3. b4 Bg7 4. Bb2 O-O 5. e3 d5 6. Be2 c6 7. a4 Ne4 8. O-O
Bf5 9. c4 dxc4 10. Bxc4 Nd7 11. Nc3 Nd6 12. Bb3 e5 13. dxe5 Nxe5 14. Nxe5 Bxe5
15. f4 Bg7 16. Kh1 Qe7 17. Qe2 Ne4 18. Nxe4 Bxb2 19. Qxb2 Qxe4 20. Rfe1 Rfe8
21. Rad1 Rad8 22. Qf6 Be6 23. Rxd8 Bxb3 24. Qd4 Qe7 25. Rxe8+ Qxe8 26. Qxa7 Bd5
27. Qd4 f5 28. b5 Qe7 29. bxc6 bxc6 30. a5 Qh4 31. Qd2 Qe7 32. Rb1 Qe4 33. Rb8+
Kf7 34. Rb7+ Ke6 35. Rb4 Bc4 36. Qc3 Kd5 37. a6 1-0

[Event "MMK 2013 - OPEN"]
[Site "ul.Reymonta 22 - Krakow"]
[Date "2013.08.11"]
[Round "4.16"]
[White "Ruffenach, Alain"]
[Black "Blaszczak, Pawel"]
[Result "1-0"]
[WhiteElo "1934"]
[BlackElo "2039"]
[PlyCount "27"]
[EventDate "2013.??.??"]

1. d4 Nf6 2. Nf3 d5 3. e3 c5 4. Bd3 Nc6 5. O-O Bg4 6. c3 e6 7. Nbd2 Bd6 8. h3
Bh5 9. e4 cxd4 10. cxd4 dxe4 11. Nxe4 O-O 12. Nxf6+ Qxf6 13. g4 Bg6 14. Bg5 1-0

[Event "MMK 2013 - OPEN"]
[Site "ul.Reymonta 22 - Krakow"]
[Date "2013.08.11"]
[Round "4.17"]
[White "Sumin, Vladyslav"]
[Black "Kyrychenko, Mykola"]
[Result "1/2-1/2"]
[WhiteElo "2037"]
[BlackElo "1850"]
[PlyCount "60"]
[EventDate "2013.??.??"]

1. d4 f5 2. g3 Nf6 3. Bg2 g6 4. b3 Bg7 5. Bb2 O-O 6. Nf3 d6 7. O-O c6 8. Nbd2
Ne4 9. c4 Na6 10. a3 Qe8 11. b4 Nc7 12. Qc2 Nxd2 13. Qxd2 h6 14. Rac1 Be6 15.
Rfe1 g5 16. Qc2 f4 17. e4 g4 18. Nh4 Bf6 19. Nf5 Bxf5 20. exf5 f3 21. Bf1 d5
22. Rcd1 Kg7 23. Bc1 dxc4 24. Qe4 Qh5 25. h3 gxh3 26. g4 h2+ 27. Kh1 Qh4 28.
Qxf3 Nb5 29. Qf4 Bg5 30. Qe5+ Bf6 1/2-1/2

[Event "MMK 2013 - OPEN"]
[Site "ul.Reymonta 22 - Krakow"]
[Date "2013.08.11"]
[Round "4.18"]
[White "Czernicki, Bogdan"]
[Black "Mihopoulos, Konstantinos"]
[Result "0-1"]
[WhiteElo "1851"]
[BlackElo "2036"]
[PlyCount "62"]
[EventDate "2013.??.??"]

1. d4 Nf6 2. f4 g6 3. Nf3 Bg7 4. e3 O-O 5. b3 c5 6. c3 Qc7 7. Bd3 cxd4 8. cxd4
d6 9. O-O Nbd7 10. Bb2 e5 11. Nbd2 exf4 12. exf4 Nd5 13. Rc1 Qd8 14. Re1 Nxf4
15. Bf1 d5 16. g3 Ne6 17. Bh3 Nf6 18. Ne5 Qb6 19. Ndf3 Ne4 20. Bg2 g5 21. g4
Nf4 22. h3 f5 23. Rxc8 Raxc8 24. Nd7 Qh6 25. Nxf8 Rxf8 26. gxf5 Nxh3+ 27. Bxh3
Qxh3 28. Rxe4 dxe4 29. Ne5 Qg3+ 30. Kh1 Rf6 31. Ng4 Rxf5 0-1

[Event "MMK 2013 - OPEN"]
[Site "ul.Reymonta 22 - Krakow"]
[Date "2013.08.11"]
[Round "4.19"]
[White "Kohtz, Andreas"]
[Black "Zaboklicki, Zbigniew"]
[Result "1-0"]
[WhiteElo "2034"]
[BlackElo "1790"]
[PlyCount "120"]
[EventDate "2013.??.??"]

1. d4 d5 2. Nf3 Nf6 3. Bf4 c6 4. c3 Bf5 5. e3 e6 6. Nbd2 Nbd7 7. Be2 Be7 8. h3
h6 9. O-O O-O 10. Re1 Ne4 11. Nxe4 Bxe4 12. Nd2 Bh7 13. Bf3 Nf6 14. Qb3 Qb6 15.
Qxb6 axb6 16. a3 b5 17. Bg3 Ra7 18. Rac1 Nd7 19. e4 Bg5 20. Rcd1 Nb6 21. Bd6
Bxd2 22. Bxf8 Bxe1 23. Bc5 Bxf2+ 24. Kxf2 Ra6 25. exd5 Nxd5 26. Be2 Nf4 27. Bf1
Ra8 28. g3 Nd5 29. Re1 Nf6 30. Bg2 Bd3 31. Be7 Bc4 32. Bxf6 gxf6 33. Re4 f5 34.
Re1 Rd8 35. Ke3 Kg7 36. Bf1 Rd6 37. Bxc4 bxc4 38. Kf4 f6 39. Re2 Kf7 40. b3
cxb3 41. Rb2 b5 42. Rxb3 Kg6 43. a4 bxa4 44. Ra3 Rd5 45. Rxa4 e5+ 46. Ke3 c5
47. dxc5 Rxc5 48. Kd3 Rd5+ 49. Ke3 Rd1 50. Rc4 e4 51. Rc8 Rd3+ 52. Kf2 Rf3+ 53.
Kg2 f4 54. gxf4 Kf5 55. Rh8 Kxf4 56. Rxh6 f5 57. Rc6 Rg3+ 58. Kh2 Rd3 59. Kg2
Rd2+ 60. Kf1 Kf3 1-0

[Event "MMK 2013 - OPEN"]
[Site "ul.Reymonta 22 - Krakow"]
[Date "2013.08.11"]
[Round "4.20"]
[White "Uscinski, Marek"]
[Black "Skomial, Mateusz"]
[Result "0-1"]
[WhiteElo "1847"]
[BlackElo "2014"]
[PlyCount "110"]
[EventDate "2013.??.??"]

1. d4 d5 2. Nf3 Nf6 3. e3 e6 4. Bd3 c5 5. b3 Nc6 6. O-O Bd6 7. Bb2 Qc7 8. Nbd2
O-O 9. c4 cxd4 10. exd4 Bf4 11. Re1 Rd8 12. c5 b6 13. Rc1 bxc5 14. Rxc5 Bb7 15.
Qb1 Qe7 16. Rcc1 Rdc8 17. g3 Bd6 18. Ne5 Bb4 19. Nxc6 Bxc6 20. Re2 Bb7 21. Nf3
Ne4 22. Rec2 Qd8 23. a3 Bd6 24. Nd2 Rxc2 25. Rxc2 h6 26. Qe1 Nxd2 27. Qxd2 Qb6
28. b4 Ba6 29. Bxa6 Qxa6 30. Qc3 Kf8 31. Qc6 Qxc6 32. Rxc6 Ke7 33. Kf1 a6 34.
Ke2 Kd7 35. Rc3 Rb8 36. Rf3 f6 37. Bc3 Rc8 38. Kd3 Rc4 39. Kc2 e5 40. Rd3 e4
41. Rd1 Bc7 42. Kb3 Bb6 43. a4 f5 44. f3 exf3 45. a5 Ba7 46. Kc2 g5 47. Kd3 Bb8
48. Rf1 g4 49. Bd2 Bd6 50. Rb1 Kc6 51. Bxh6 Bxb4 52. Bd2 Kb5 53. h3 gxh3 54.
Ke3 Kxa5 55. Bxb4+ Rxb4 0-1

[Event "MMK 2013 - OPEN"]
[Site "ul.Reymonta 22 - Krakow"]
[Date "2013.08.11"]
[Round "4.21"]
[White "Jedras, Piotr"]
[Black "Kolodziej, Krzysztof"]
[Result "1-0"]
[WhiteElo "2008"]
[BlackElo "1647"]
[PlyCount "47"]
[EventDate "2013.??.??"]

1. e4 c5 2. Nf3 d6 3. d4 cxd4 4. Nxd4 Nf6 5. Nc3 a6 6. f4 e5 7. Nf3 b5 8. fxe5
b4 9. exf6 bxc3 10. Bc4 Be6 11. Bxe6 fxe6 12. f7+ Kd7 13. bxc3 Qa5 14. O-O Be7
15. Rb1 Ra7 16. Be3 Rc7 17. Bb6 Qxc3 18. Bxc7 Kxc7 19. Qd4 Qc5 20. Kh1 Nd7 21.
Qxg7 Bf6 22. Qg8 Qc4 23. e5 dxe5 24. Rfd1 1-0

[Event "MMK 2013 - OPEN"]
[Site "ul.Reymonta 22 - Krakow"]
[Date "2013.08.11"]
[Round "4.22"]
[White "Luczka, Szymon"]
[Black "Corti, Massimo"]
[Result "1/2-1/2"]
[WhiteElo "1648"]
[BlackElo "2008"]
[PlyCount "45"]
[EventDate "2013.??.??"]

1. d4 e6 2. c4 Nf6 3. Nf3 Bb4+ 4. Nc3 b6 5. e3 Bb7 6. Be2 Ne4 7. Qc2 O-O 8. O-O
Bxc3 9. bxc3 d6 10. Nd2 Nxd2 11. Qxd2 Nd7 12. Ba3 Qg5 13. f3 Rad8 14. Rfd1 e5
15. e4 Qh4 16. g3 Qf6 17. Rab1 Bc6 18. Qc2 Qe7 19. Qb3 Kh8 20. Bd3 Qf6 21. Be2
Qe7 22. Bd3 Qf6 23. Be2 1/2-1/2

[Event "MMK 2013 - OPEN"]
[Site "ul.Reymonta 22 - Krakow"]
[Date "2013.08.11"]
[Round "4.23"]
[White "Low, Zhen Yu Cyrus"]
[Black "Gosciniak, Maria"]
[Result "1/2-1/2"]
[WhiteElo "1769"]
[BlackElo "2098"]
[PlyCount "239"]
[EventDate "2013.??.??"]

1. e4 g6 2. d4 Bg7 3. Nf3 c6 4. Nc3 d6 5. Be3 Nf6 6. Qd2 b5 7. Bd3 O-O 8. a4 b4
9. Ne2 a5 10. O-O Nbd7 11. c3 c5 12. cxb4 cxb4 13. Ne1 Bb7 14. f3 e5 15. dxe5
dxe5 16. Bb5 Qe7 17. Rd1 Nc5 18. Qd6 Qxd6 19. Rxd6 Ne6 20. Bc4 Rfd8 21. Rb6 Bc8
22. Nc2 Ne8 23. Bd5 Ra6 24. Rb8 Bf8 25. Rc1 Bd6 26. Rxc8 Rxc8 27. Bb7 Rac6 28.
Bxc6 Rxc6 29. Ne1 Rxc1 30. Nxc1 Bc5 31. Kf2 Bxe3+ 32. Kxe3 Nc5 33. b3 f6 34.
Ned3 Nd7 35. Nb2 Nd6 36. Ncd3 Kf7 37. Kd2 h5 38. Nd1 Nb7 39. Ne3 Nb8 40. Nb2
Nc5 41. Kc2 Nc6 42. Nbc4 Nd4+ 43. Kb2 Ndxb3 44. Nc2 Ke6 45. g3 g5 46. h3 h4 47.
g4 Nd4 48. Nxd4+ exd4 49. Nxa5 Nxa4+ 50. Kb3 Nc3 51. Kxb4 Ne2 52. Kc4 Nf4 53.
Kxd4 Nxh3 54. Ke3 Nf4 55. Kf2 Nd3+ 56. Kg2 Ke5 57. Nc6+ Kf4 58. Nd4 Nc5 59. Kf2
Ke5 60. Nc6+ Kd6 61. Nb4 Ne6 62. Nd3 Nf8 63. Kg2 Nd7 64. Nb4 Nb6 65. Nd3 Nc4
66. Kf2 Ne5 67. Nb4 Kc5 68. Nd5 Nd7 69. Kg2 Kd4 70. Kf2 Ke5 71. Kg2 Nc5 72. Ne7
Nd3 73. Nc6+ Kd6 74. Nd4 Nf4+ 75. Kf2 Kc5 76. Nf5 Kc4 77. Ne3+ Kd4 78. Nc2+ Kc5
79. Ne3 Nd3+ 80. Kg2 Kd4 81. Nf5+ Ke5 82. Ne3 Nb4 83. Nc4+ Kf4 84. Nb6 Ke5 85.
Nd7+ Ke6 86. Nb6 Kd6 87. Kf2 Nd3+ 88. Kg2 Ne1+ 89. Kf2 h3 90. Kg3 h2 91. Kxh2
Nxf3+ 92. Kg2 Nd2 93. Nd5 Nxe4 94. Ne3 Ke5 95. Kf3 Nd6 96. Nc2 Nc4 97. Nb4 Nd6
98. Nc6+ Kd5 99. Ne7+ Ke6 100. Nc6 Nc4 101. Ke4 Ne5 102. Nd4+ Kf7 103. Kf5 Nc4
104. Ke4 Kg6 105. Nf3 Nd6+ 106. Ke3 Nb5 107. Kd3 Nc7 108. Ke4 Ne6 109. Kd5 Nf4+
110. Ke4 Nh3 111. Ke3 Kf7 112. Nd4 Nf4 113. Ke4 Ng6 114. Nf3 Ne7 115. Nd4 Kg6
116. Nf3 Nc6 117. Kd5 Nb4+ 118. Ke4 Nc2 119. Kd3 Nb4+ 120. Ke4 1/2-1/2

[Event "MMK 2013 - OPEN"]
[Site "ul.Reymonta 22 - Krakow"]
[Date "2013.08.11"]
[Round "4.24"]
[White "Oestreicher, Hans-ulrich"]
[Black "Lewtak, Dominik"]
[Result "1/2-1/2"]
[WhiteElo "2090"]
[BlackElo "1846"]
[PlyCount "57"]
[EventDate "2013.??.??"]

1. Nf3 Nf6 2. g3 g6 3. Bg2 Bg7 4. O-O O-O 5. c4 c6 6. d4 d5 7. Nc3 dxc4 8. Ne5
Be6 9. e4 Nbd7 10. Qe2 b5 11. Nxc6 Qe8 12. Nxb5 Nb6 13. d5 Qd7 14. Nxe7+ Qxe7
15. dxe6 fxe6 16. Bg5 Qc5 17. Bxf6 Qxb5 18. e5 Rac8 19. Bxg7 Kxg7 20. Rac1 Rc5
21. f4 Na4 22. Rc2 Rb8 23. Rf2 a6 24. Qg4 Qb6 25. Rcd2 Rc7 26. Rd6 Qe3 27. Qxe6
Rxb2 28. Qf6+ Kh6 29. Qg5+ 1/2-1/2

[Event "MMK 2013 - OPEN"]
[Site "ul.Reymonta 22 - Krakow"]
[Date "2013.08.11"]
[Round "4.25"]
[White "Wozniak, Mariola"]
[Black "Kolomvakis, Stelios"]
[Result "1-0"]
[WhiteElo "2028"]
[BlackElo "1821"]
[PlyCount "45"]
[EventDate "2013.??.??"]

1. e4 c5 2. Nf3 d6 3. d4 cxd4 4. Nxd4 Nf6 5. Nc3 g6 6. Be3 Bg7 7. f3 O-O 8. Qd2
Nc6 9. Bc4 Bd7 10. O-O-O Qa5 11. Kb1 Rfc8 12. Bb3 Rab8 13. h4 b5 14. h5 b4 15.
Nd5 Nxd5 16. exd5 Ne5 17. hxg6 hxg6 18. Bh6 Bh8 19. Bf8 Bf6 20. Qh6 Qd8 21. Rh2
g5 22. Rdh1 Ng6 23. Ne6 1-0

[Event "MMK 2013 - OPEN"]
[Site "ul.Reymonta 22 - Krakow"]
[Date "2013.08.11"]
[Round "4.26"]
[White "Ochowicz, Jakub"]
[Black "Sanetra, Szymon"]
[Result "0-1"]
[WhiteElo "1598"]
[BlackElo "2010"]
[PlyCount "108"]
[EventDate "2013.??.??"]

1. e4 c6 2. d4 d5 3. e5 Bf5 4. Bd3 Bxd3 5. Qxd3 e6 6. c3 Nd7 7. Ne2 c5 8. O-O
Ne7 9. f4 h5 10. Nd2 Nf5 11. Qh3 Qh4 12. Qxh4 Nxh4 13. Ng3 g6 14. Nf3 Nxf3+ 15.
Rxf3 Rc8 16. Bd2 Nb6 17. b3 Kd7 18. Kf1 Be7 19. Ke2 cxd4 20. cxd4 Rc2 21. Rc3
Rc8 22. Rxc2 Rxc2 23. Kd3 Rc6 24. Rc1 Na8 25. Ne2 Nc7 26. Rxc6 Kxc6 27. a4 b5
28. axb5+ Nxb5 29. Nc1 Kb6 30. Na2 a5 31. g3 Na7 32. Nc3 Bb4 33. Na4+ Kb5 34.
Bc3 Nc6 35. Nb2 Ba3 36. Nd1 a4 37. bxa4+ Kxa4 38. Ne3 Bc1 39. Nc2 Ba3 40. Ne3
Kb3 41. Nc2 Nb4+ 42. Bxb4 Bxb4 43. Ne3 Ba3 44. Ng2 Be7 45. h4 Bb4 46. Ne3 Be1
47. g4 Bxh4 48. f5 Bg5 49. gxh5 Bxe3 50. fxe6 fxe6 51. Kxe3 gxh5 52. Kf4 Kc4
53. Kg5 h4 54. Kf6 h3 0-1